书目信息 |
| 题名: |
高丽亚那研究
|
|
| 作者: | 张东明 主编 | |
| 分册: | 第五辑 | |
| 出版信息: | 广州 世界图书出版广东有限公司 2016 |
|
| 页数: | 231页 | |
| 开本: | 26cm | |
| 丛书名: | ||
| 单 册: | ||
| 中图分类: | F125.4 , F131.265.4 | |
| 科图分类: | ||
| 主题词: | 经济合作--jing ji he zuo--研究--中国--韩国 | |
| 电子资源: | ||
| ISBN: | 978-7-5192-0449-5 | |
| 000 | 01078nam0 22002411 450 | |
| 001 | 1730330645 | |
| 005 | 20170527085715.45 | |
| 010 | @a978-7-5192-0449-5@dCNY48.00 | |
| 100 | @a20160311d2016 em y0chiy50 ea | |
| 101 | 0 | @achi |
| 102 | @aCN@b440000 | |
| 105 | @ay z 000yy | |
| 106 | @ar | |
| 200 | 1 | @a高丽亚那研究@Agao li ya na yan jiu@h第五辑@f张东明主编 |
| 210 | @a广州@c世界图书出版广东有限公司@d2016 | |
| 215 | @a231页@d26cm | |
| 330 | @a本书先从经济贸易的视角解析了建交20年来中韩经贸合作所取得的历史成就,探讨了中韩FTA建立后对两国经济政治合作的影响,并展望了中韩建交30年经贸总额突破万亿美元的条件及可行性,还前瞻了中日韩经济合作与一体化的前景;再从政治外交的视角解析了韩国与周边大国的关系,突出了中美两国及其相互关系对半岛局势的影响;后从社会文化的视角解析了韩国文化外交、韩国住房年金制度、韩国住宅政策以及韩国学的发展。 | |
| 606 | 0 | @a经济合作@Ajing ji he zuo@x研究@y中国@y韩国 |
| 690 | @aF125.4@v5 | |
| 690 | @aF131.265.4@v5 | |
| 701 | 0 | @a张东明@Azhang dong ming@f(1967~)@4主编 |
| 801 | 0 | @aCN@bTANG WEI@c20170524 |
| 905 | @b0969598-602@dF125.4@e286:5@f5 | |
| 高丽亚那研究.第五辑/张东明主编.-广州:世界图书出版广东有限公司,2016 |
| 231页;26cm |
| ISBN 978-7-5192-0449-5:CNY48.00 |
| 本书先从经济贸易的视角解析了建交20年来中韩经贸合作所取得的历史成就,探讨了中韩FTA建立后对两国经济政治合作的影响,并展望了中韩建交30年经贸总额突破万亿美元的条件及可行性,还前瞻了中日韩经济合作与一体化的前景;再从政治外交的视角解析了韩国与周边大国的关系,突出了中美两国及其相互关系对半岛局势的影响;后从社会文化的视角解析了韩国文化外交、韩国住房年金制度、韩国住宅政策以及韩国学的发展。 |
| ● |
| 相关链接 |
|
|
|
|
正题名:高丽亚那研究
索取号:F125.4/286:5
 
预约/预借
| 序号 | 登录号 | 条形码 | 馆藏地/架位号 | 状态 | 备注 |
| 1 | 0969598 | 209695980 | 第一样本阅览室/ [索取号:F125.4/286:5] | 在馆 | |
| 2 | 0969599 | 209695999 | 第一借阅区/ [索取号:F125.4/286:5] | 在馆 | |
| 3 | 0969600 | 209696006 | 第一借阅区/ [索取号:F125.4/286:5] | 在馆 | |
| 4 | 0969601 | 209696015 | 第一借阅区/ [索取号:F125.4/286:5] | 在馆 | |
| 5 | 0969602 | 209696024 | 第一借阅区/ [索取号:F125.4/286:5] | 在馆 |